SOCIOLOGY (Record no. 6369)

MARC details
000 -LEADER
fixed length control field 00297nam a22001217a 4500
008 - FIXED-LENGTH DATA ELEMENTS--GENERAL INFORMATION
fixed length control field 180622b ||||| |||| 00| 0 eng d
020 ## - INTERNATIONAL STANDARD BOOK NUMBER
International Standard Book Number 0-7456-0255-X
082 ## -
Classification number 301 GID
100 ## - MAIN ENTRY--PERSONAL NAME
Personal name GIDDENS ANTHONY
245 ## - TITLE STATEMENT
Title SOCIOLOGY
250 ## - EDITION STATEMENT
Edition statement 5TH,ED.
260 ## - PUBLICATION, DISTRIBUTION, ETC. (IMPRINT)
Place of publication, distribution, etc. UNITED KINGDOM
Name of publisher, distributor, etc. THE POLICY PRESS
Date of publication, distribution, etc. 2006
Holdings
Withdrawn status Lost status Source of classification or shelving scheme Damaged status Koha normalized classification for sorting Not for loan Home library Current library Shelving location Date acquired Total Checkouts Full call number Barcode Date last seen Price effective from Koha item type
    Dewey Decimal Classification   301_000000000000000_GID   Dodoma Dodoma Ground Floor 22/06/2018   301 GID *0000000016984* 29/07/2019 22/06/2018 BOOKS

IRDP © 2021 :: Managed by ICT Team